Cuadernos de Gestin̤

Bibliographic Details
Format: Journal
Language:Spanish
Published: Leioa : Universidad del Pas̕ Vasco, 2001-
Subjects:
Online Access:http://www.vlex.com/source/7177

MARC

LEADER 00000nas a22000007a 4500
005 20130308142823.0
007 cr|||| ||||
008 130308c20019999sp ar|p s|||| 0|||b1spa d
020 |a 11316837  
035 |a 7177 
040 |a vLex 
090 |c 3880  |d 3880 
245 0 0 |a Cuadernos de Gestin̤  |h [Recurso electrn̤ico] 
256 |a Servicio en ln̕ea 
260 |a Leioa :  |b Universidad del Pas̕ Vasco,   |c 2001- 
300 |a 1 Recurso electrn̤ico 
506 |d vLex Global  |d vLex Global (Academic Edition, excluding Law Schools)  |d vLex Global (U.S. Academic Edition, Law Schools)  |d vLex Global (U.S. Academic Edition, excluding Law Schools)  |d vLex Global (Academic Edition, Law Schools) 
650 0 4 |a Administracin̤ (Management)  |v Revistas 
650 0 4 |2 Empresa  |v Revistas 
740 |a vLex Revistas (Servicio en ln̕ea) 
856 |a Acceso restringido  |u http://www.vlex.com/source/7177 
942 |c REV 
999 0 |a Management